The library Shakespeare (Record no. 4794)
[ view plain ]
| 000 -LEADER | |
|---|---|
| fixed length control field | 00786 a2200205 4500 |
| 020 ## - INTERNATIONAL STANDARD BOOK NUMBER | |
| International Standard Book Number | 1888777745 |
| 040 ## - CATALOGING SOURCE | |
| Original cataloging agency | DLC |
| 082 00 - DEWEY DECIMAL CLASSIFICATION NUMBER | |
| Classification number | 822.33 |
| 100 1# - MAIN ENTRY--PERSONAL NAME | |
| Personal name | Shakespeare, William, |
| 245 14 - TITLE STATEMENT | |
| Title | The library Shakespeare |
| Statement of responsibility, etc. | John Gilbert, George Cruikshank, and R. Dudley. |
| 250 ## - EDITION STATEMENT | |
| Edition statement | Millenium ed. |
| 260 ## - PUBLICATION, DISTRIBUTION, ETC. | |
| Place of publication, distribution, etc. | [UK] : |
| Name of publisher, distributor, etc. | Trident Press International, |
| Date of publication, distribution, etc. | c1999- |
| 300 ## - PHYSICAL DESCRIPTION | |
| Extent | 396, 406, 476 p. : |
| Other physical details | ill. ; |
| Dimensions | 31 cm. |
| 500 ## - GENERAL NOTE | |
| General note | Originally published: London, Wm. Mackenzie, [1873-75]. Reprinted from an original 3 volume 19th century manuscript. |
| 505 0# - FORMATTED CONTENTS NOTE | |
| Formatted contents note | vol. 1. Comedies -- vol. 2. Tragedies -- vol. 3. Historical plays, &c. |
| 700 1# - ADDED ENTRY--PERSONAL NAME | |
| Personal name | Gilbert, John, |
| Dates associated with a name | 1817-1897. |
| 700 1# - ADDED ENTRY--PERSONAL NAME | |
| Personal name | Cruikshank, George, |
| Dates associated with a name | 1792-1878. |
| 700 1# - ADDED ENTRY--PERSONAL NAME | |
| Personal name | Dudley, Robert, |
| Dates associated with a name | fl. 1858-1893. |
| 942 ## - ADDED ENTRY ELEMENTS (KOHA) | |
| Koha item type | Book |
| Call number prefix | 822.33 SHA |
| Source of classification or shelving scheme | |
| Withdrawn status | Lost status | Damaged status | Not for loan | Collection code | Permanent Location | Current Location | Shelving location | Date acquired | Source of acquisition | Cost, normal purchase price | Full call number | Barcode | Date last seen | Price effective from | Koha item type |
|---|---|---|---|---|---|---|---|---|---|---|---|---|---|---|---|
| Central Library (CL) | Central Library (CL) | General Stacks | 05/21/2002 | Academic Book Company | 3750.00 | 822.33 SHA | SEECS002104 | 11/14/2012 | 01/05/2017 | Reference |
